| 000 | 00000nam##2200000za#4500 |
| 001 | 9.642238 |
| 003 | CaOODSP |
| 005 | 20250506145323 |
| 007 | cr ||||||||||| |
| 008 | 150407|1989||||xxc|||||o f|0| 0 fre|d |
| 040 | |aCaOODSP|bfre |
| 043 | |an-cn--- |
| 086 | 1 |aA73-1296/1989F-PDF |
| 110 | 1 |aCanada.|bAgriculture Canada. |
| 245 | 10|aL'agriculture canadienne |h[ressource électronique] |
| 250 | |aRévision |
| 260 | |aOttawa - Ontario : |bAgriculture Canada |cc1989. |
| 300 | |a44p.|bcartes en couleur, photographies |
| 500 | |aPublication historique numérisée par Agriculture et Agroalimentaire Canada. Éd. originale : 1967. |
| 590 | |a13-17-Supp|b2013-07-25 |
| 691 | 07|aAgriculture|2gcpds |
| 691 | 07|aExploitation agricole|2gcpds |
| 691 | 07|aIndustrie agro-alimentaire|2gcpds |
| 775 | 08|tFarming in Canada |w(CaOODSP)9.697686 |
| 856 | 40|ahttp://publications.gc.ca|qPDF|s4.52 Mo|uhttps://publications.gc.ca/collections/collection_2013/aac-aafc/agrhist/A73-1296-1989-fra.pdf |
| 986 | |a1296/F |